000 01047nam a22002537a 4500
005 20090825120337.0
008 090728t xxu||||| |||| 00| 0 pun d
010 _aPUN-6865
020 _c95.00
035 _aPN-5983
037 _bDBAD / PUB
040 _adpl
_bpn
082 _a260
100 _924414
_aਔਲਖ, ਗੁਰਚਰਨ ਸਿੰਘ
245 _aਦਸ ਪਾਤਸ਼ਾਹੀਆਂ, ਗੁਰੂ ਗ੍ਰੰਥ ਅਤੇ ਪੰਥ /
_cਗੁਰਚਰਨ ਸਿੰਘ ਔਲਖ
246 _aDas Patshahiyan, Guru Granth ate Panth
_bby Gurcharan Singh Aulakh
260 _aNew Delhi
_bNational book trust
_c2010
270 _aNehru Bhawan ,5,Instiutnal Area Phase -2, Vasant kunj
_bNew Delhi
_e110070
_m.
300 4 _a216 ਸਫੇ
_c22 ਸੇਮੀ (ਸਜਿਲੱਦ)
650 _924412
_aਗੁਰਬਾਣੀ
650 _aGurbani
_924431
942 _2ddc
_cPN
_h260
_mਔਲਖ
999 _c50808
_d50808